| 000 | 01072nam a22002297a 4500 | ||
|---|---|---|---|
| 003 | OSt | ||
| 005 | 20210204140842.0 | ||
| 008 | 210204s1990 ck co|gr|||| 00| 0dspa d | ||
| 020 | _a958953720 | ||
| 040 |
_aCO-JMCR _cCO-JMCR |
||
| 041 | 0 | _aspa | |
| 082 | 0 | 4 |
_a320.986 / _bE562e _223 |
| 111 | 1 |
_aEncuentro latinoamericano por la democracia y la integración _c(Bogotá ; _eAgosto 15 a 18 de 1998) _913043 |
|
| 245 | 1 |
_aEncuentro latinoamericano por la democracia y la integración : _bhomenaje a Luis Carlos Galán / _cFundación Luis Carlos Galán Sarmiento |
|
| 260 |
_aBogotá : _bLa fundación, _c1991 |
||
| 300 |
_a234 páginas : _bilustraciones, retratos y fotografías a blanco y negro ; _c24 cm. |
||
| 505 | _aIntervenciones en directo por televisión vía satélite -- Intervenciones | ||
| 650 | 2 | 4 |
_aGalán Sarmiento, Luis Carlos, _vHomenajes póstumos _y 1943-1989 _913044 |
| 650 | 2 | 4 |
_aAmérica Latina _vCongresos, conferencias _xIntegración económica _913045 |
| 651 | 2 | 4 |
_zColombia _vCongresos, conferencias _xPolítica y gobierno _913046 |
| 942 |
_2ddc _cBK |
||
| 999 |
_c7107 _d7107 |
||